<?xml version="1.0" encoding="UTF-8"?>
<record
    xmlns:xsi="http://www.w3.org/2001/XMLSchema-instance"
    xsi:schemaLocation="http://www.loc.gov/MARC21/slim http://www.loc.gov/standards/marcxml/schema/MARC21slim.xsd"
    xmlns="http://www.loc.gov/MARC21/slim">

  <leader>01063nam a2200217 i 4500</leader>
  <controlfield tag="001">187765</controlfield>
  <controlfield tag="003">ES-MaACL</controlfield>
  <controlfield tag="005">20251013235103.0</controlfield>
  <controlfield tag="008">180215s1932    xxu          |||| | eng d</controlfield>
  <datafield tag="245" ind1="0" ind2="0">
    <subfield code="a">Forgotten frontiers </subfield>
    <subfield code="b">: a study of the Spanish Indian policy of Don Juan Bautista de Anza, governor of New Mexico, 1777-1787; from the original documents in the archives of Spain, Mexico and New Mexico / </subfield>
    <subfield code="c">translated into English, edited and annotated by Alfred Barnaby Thomas.</subfield>
  </datafield>
  <datafield tag="260" ind1=" " ind2=" ">
    <subfield code="a">Norman : </subfield>
    <subfield code="b">University of Oklahoma press, </subfield>
    <subfield code="c">1932.</subfield>
  </datafield>
  <datafield tag="300" ind1=" " ind2=" ">
    <subfield code="a">XVII, 420 p.,4 map. (3 pleg.), facsim. ; </subfield>
    <subfield code="c">24 cm.</subfield>
  </datafield>
  <datafield tag="490" ind1="1" ind2=" ">
    <subfield code="a">The Civilization of the American Indian ; </subfield>
    <subfield code="v">1</subfield>
  </datafield>
  <datafield tag="504" ind1=" " ind2=" ">
    <subfield code="a">Bibliograf&#xED;a: p. 389-402.</subfield>
  </datafield>
  <datafield tag="600" ind1="1" ind2="7">
    <subfield code="a">Anza, Juan Bautista de, </subfield>
    <subfield code="d">1735-1788</subfield>
    <subfield code="2"></subfield>
    <subfield code="9">164259</subfield>
  </datafield>
  <datafield tag="650" ind1=" " ind2="7">
    <subfield code="a">Indios de Estados Unidos</subfield>
    <subfield code="2">embne</subfield>
    <subfield code="9">160784</subfield>
  </datafield>
  <datafield tag="651" ind1=" " ind2="7">
    <subfield code="a">Nuevo M&#xE9;xico (Estados Unidos, Estado)-</subfield>
    <subfield code="x">Historia-</subfield>
    <subfield code="y">Hasta 1848</subfield>
    <subfield code="2"></subfield>
    <subfield code="9">147773</subfield>
  </datafield>
  <datafield tag="830" ind1="0" ind2=" ">
    <subfield code="a">The Civilization of the American Indian ; </subfield>
    <subfield code="v">1</subfield>
    <subfield code="9">225619</subfield>
  </datafield>
  <datafield tag="852" ind1=" " ind2=" ">
    <subfield code="a">ES-MaACL</subfield>
    <subfield code="j">A-1759</subfield>
  </datafield>
  <datafield tag="999" ind1=" " ind2=" ">
    <subfield code="c">187765</subfield>
    <subfield code="d">187765</subfield>
  </datafield>
  <datafield tag="952" ind1=" " ind2=" ">
    <subfield code="0">0</subfield>
    <subfield code="1">0</subfield>
    <subfield code="4">0</subfield>
    <subfield code="7">0</subfield>
    <subfield code="a">ATENEOM</subfield>
    <subfield code="b">ATENEOM</subfield>
    <subfield code="c">SPP1</subfield>
    <subfield code="d">2018-02-15</subfield>
    <subfield code="e">SC</subfield>
    <subfield code="l">0</subfield>
    <subfield code="o">A-1759</subfield>
    <subfield code="p">1198373</subfield>
    <subfield code="r">2023-02-23 00:00:00</subfield>
    <subfield code="w">2023-02-23</subfield>
    <subfield code="y">MONOGRAFIA</subfield>
  </datafield>
</record>
